Macanudo 7 /

Guardado en:
Autor Principal: Liniers.
Otros Autores: Trondheim, Lewis; prol.
Formato: Libro
Idioma:Undetermined
Publicado: Buenos Aires : La Editorial Común, 2018.
Edición:1a ed. 4a reimp.
Materias:
Etiquetas: Agregar Etiqueta
Sin Etiquetas, Sea el primero en etiquetar este registro!
LEADER 00697nam a22002295a 4500
001 CEM.cems024890
008 250904s2018####ag#a##########000#0#und#d
005 20250904161021.0
245 1 0 |a Macanudo 7 /  |c Liniers ; prólogo Lewis Trondheim. 
250 |a 1a ed. 4a reimp. 
260 |a Buenos Aires :  |b La Editorial Común,  |c 2018. 
300 |a 95 p. :  |b il. ;  |c 21 x 23 cm. 
020 |a 9789872457853 
100 1 |a Liniers. 
700 1 |a Trondheim, Lewis; prol. 
653 |a Historieta argentina 
653 |a Historieta 
653 |a Humor 
653 |a Narrativa humorística 
653 |a Cómic 
653 |a Literatura argentina 
859 |a CEMS  |b BIB. CEMS - 11 de abril  |h A867.4  |i L648  |p 30387.25  |t Ej.1  |v 7